The Killers Songs: Sudden Death - Statistics

General Stats
  • This quiz has been taken 288 times
  • The average score is 9 of 12
Answers on the Grid
Answers color-coded by a green-red scale on the quiz's grid according to % correct below.
Mr. Brightside
Somebody Told Me
Born to Run
Making Bad Decisions
American Idiot
Take Me Out
Human
For Reasons Unknown
The '59 Sound
Dustland Fairytale
I Will Follow You Into The Dark
Miss Atomic Bomb
Something Just Like This
Smile Like You Mean It
Read My Mind
The Scientist
Sam's Town
Knee Socks
When You Were Young
Jenny Was a Friend of Mine
Counting Stars
I Hate Mondays
My Own Soul's Warning
Radio Song
The Dark of the Matinee
 
Answer Stats
Answer % Correct
Mr. Brightside
95%
Somebody Told Me
88%
When You Were Young
82%
Human
80%
Smile Like You Mean It
79%
Jenny Was a Friend of Mine
76%
Read My Mind
70%
Sam's Town
70%
For Reasons Unknown
62%
Dustland Fairytale
59%
Miss Atomic Bomb
55%
My Own Soul's Warning
46%
No matching quizzes found
Score Distribution
Percent of People with Each Score
Percentile by Number Answered
Your Score History
You have not taken this quiz